| 000 | 01099nam a22002535a 4500 | ||
|---|---|---|---|
| 003 | OSt | ||
| 005 | 20161215103622.0 | ||
| 008 | 161123s2011 ua frb 000 0 ara d | ||
| 015 | _a2010/24965 | ||
| 020 | _a9789770466245 | ||
| 040 |
_aEG-ScBUE _bara _cEG-ScBUE |
||
| 043 | _af-ua--- | ||
| 082 | 0 | 4 |
_a343.62078624 _bح ر ي _222 |
| 100 | 1 | _aحريري، محمد فؤاد. | |
| 245 | 1 | 0 |
_aتعديل عقود الأشغال العامة وفقا لنظام أوامر التغيير : _bدراسة مقارنة بين القانون المصري وعقود الفيديك النموذجية / _cمحمد فؤاد الحريري. |
| 260 |
_aالقاهرة : _bدار النهضة العربية، _c2011. |
||
| 300 |
_a927 ص. ؛ _c24 سم. |
||
| 610 | 2 | 7 |
_aالاتحاد الدولي للمهندسين الاستشاريين (الفيديك) _2BUEsh |
| 650 | 7 |
_aالأشغال العامة _xقوانين وتشريعات _zمصر. _2BUEsh |
|
| 650 | 7 |
_aهندسة الإنشاءات _xقوانين وتشريعات. _2BUEsh |
|
| 651 | _2BUEsh | ||
| 653 |
_bLLAAWW _cNovember2016 |
||
| 942 | _2ddc | ||
| 999 |
_c23287 _d23259 |
||